书目信息 |
| 题名: |
中文Office XP使用指南
|
|
| 作者: | 肖金秀 , 黄智诚 , 张艳钗 编著 | |
| 分册: | ||
| 出版信息: | 北京 冶金工业出版社 2002.09 |
|
| 页数: | 324页 | |
| 开本: | 26cm | |
| 丛书名: | ||
| 单 册: | ||
| 中图分类: | TP317.1 | |
| 科图分类: | ||
| 主题词: | 软件 | |
| 电子资源: | ||
| ISBN: | 7-5024-3077-6 | |
| 000 | 00702nam0 2200217 45 | |
| 001 | 0437267298 | |
| 005 | 2004052010210730 | |
| 010 | @a7-5024-3077-6@dCNY 30.00 | |
| 100 | @a20040520d2002 km y0chiy0120 ea | |
| 101 | 0 | @achi |
| 102 | @aCN@b110000 | |
| 200 | 1 | @a中文Office XP使用指南@Azhong wen Office XP shi yong zhi nan@f肖金秀,黄智诚,张艳钗编著@Fxiao jin xiu,huang zhi cheng,zhang yan chai bian zhu |
| 210 | @a北京@c冶金工业出版社@d2002.09 | |
| 215 | @a324页@d26cm | |
| 606 | 0 | @a软件 |
| 690 | 1 | @aTP317.1@v4 |
| 701 | 0 | @a肖金秀@Axiao jin xiu@4编著 |
| 701 | 0 | @a黄智诚@Ahuang zhi cheng@4编著 |
| 701 | 0 | @a张艳钗@Azhang yan chai@4编著 |
| 801 | 0 | @aCN@bPFT@c20040520 |
| 905 | @a10447@dTP317.1@eX291 | |
| 中文Office XP使用指南/肖金秀,黄智诚,张艳钗编著.-北京:冶金工业出版社,2002.09 |
| 324页;26cm |
| ISBN 7-5024-3077-6:CNY 30.00 |
| ● |
| 相关链接 |
|
|
|
正题名:中文Office XP使用指南
索取号:TP317.1/X291
 
预约/预借
| 序号 | 登录号 | 条形码 | 馆藏地/架位号 | 状态 | 备注 |
| 1 | 376269 | 203762696 | 期刊室512/301自科库 53排6列1层/ [索取号:TP317.1/X291] | 在馆 | |
| 2 | 376270 | 203762703 | 自科库301/301自科库 89排2列3层/ [索取号:TP317.1/X291] | 在馆 |